| 000 | 01023nam a22002895i 4500 | ||
|---|---|---|---|
| 999 |
_c23882 _d23854 |
||
| 003 | EG-ScBUE | ||
| 005 | 20201027101945.0 | ||
| 008 | 170110s2011 gw a f 000 0 eng d | ||
| 020 | _a9783844321494 | ||
| 040 |
_aEG-ScBUE _beng _erda _cEG-ScBUE _dEG-ScBUE |
||
| 082 | 0 | 4 |
_a809.9350067 _bKHA _222 |
| 100 | 1 |
_aKhalil, Hend, _eauthor. |
|
| 245 | 1 | 0 |
_aText and Hypertext : _bWilliam Shakespeare's Hamlet and Anton Chekhov's the Seagull / _cHend Khalil. |
| 264 | 1 |
_aSaarbrücken : _bLAP LAMBERT Academic Publishing, _c2011. |
|
| 300 |
_a531 pages : _billustrations ; _c24 cm |
||
| 336 |
_atext _btxt _2rdacontent |
||
| 337 |
_aunmediated _bn _2rdamedia |
||
| 338 |
_avolume _bnc _2rdacarrier |
||
| 590 | _aComposed by BUE staff. | ||
| 650 | 7 |
_aLiterature _xTheory, etc. _2BUEsh |
|
| 650 | 7 |
_aComputer Literature _xHistory and criticism. _2BUEsh |
|
| 650 | 7 |
_aComputer Literature _xTechnique. _2BUEsh |
|
| 650 | 7 |
_aHypertext systems. _2BUEsh _929997 |
|
| 651 | _2BUEsh | ||
| 653 |
_bHHUUEENN _bGGEN _cJanuary2017 |
||
| 942 |
_2ddc _cBB |
||